000 00755nam a22001937a 4500
005 20251108171807.0
008 250721s1997 xx 000 0 ara d
082 1 4 _a378.125/قوا
100 1 _aأبو مغلي، سميح
245 1 0 _aقواعد التدريس في الجامعة :
_bدليل عمل لأعضاء هيئة التدريس في الجامعات و مؤسسات التعليم العالي في الوطن العربي /
264 1 _aعمان :
_bدار الفكر للطباعة و النشر و التوزيع،
_c1997.
300 _a750ص
650 1 7 _aالتعليم العالي
650 1 7 _aالكليات
650 1 7 _aالجامعات
700 1 _aالتل، سعيد
_eتحرير
942 _2ddc
_cBK
999 _c62673
_d62673